000
00264nam a22001097a 4500
005
20251008140636.0
008
251008b |||||||| |||| 00| 0 eng d
040
_c
PK-LaNCA
082
_a
720.92
_b
JOE
245
_a
Joel Sanders: writings and projects
942
_c
BK
999
_c
66886
_d
66886